000 00384nam a22001577a 4500
020 _a9781284054743
082 _a005.8 LYN
100 _aLYN Grama Joanna
245 _aLegal Issues in information security
250 _a2nd
260 _aUSA
_bJones & Bartlett
_c2015
300 _a552
_bP.B
650 _aInformation Security
700 _aJoanna LYN Grama
942 _cBK
999 _c490617
_d490617